• 首页
  • 本馆介绍
  • 公告通知
  • 最新文献
  • 馆藏检索
  • 电子资源
  • 读者导购
  • 参考咨询
  • 我的图书馆
  • 登录
  • 详细信息显示
  • 放入我的书架
  • 预约/预借图书
  • 作者相关作品
  • 分类相关作品
  • 丛书相关作品
  • 出版社相关作品

书目信息

  • 表格格式
  • 工作单格式
  • 卡片格式
题名:
现代规模化奶牛场肢蹄病防控学
    
 
作者: 刘云
分册:  
出版信息: 北京   中国农业出版社  2016.05
页数: 178页
开本: 20cm
丛书名:
单 册:
中图分类: S858.23
科图分类:
主题词: 兽医学
电子资源:
ISBN: 7-109-21700-0
000 00618nam0 2200205 450
001 3022
005 20161207152328.85
010    @a7-109-21700-0@dCNY168.00
100    @a20150811d2016 km y0chiy0120 ea
101 0  @achi
102    @aCN@b110000
200 1  @a现代规模化奶牛场肢蹄病防控学@Axian dai gui mo hua nai niu chang zhi ti bing fang kong xue@f刘云@Fliu yun
210    @a北京@c中国农业出版社@d2016.05
215    @a178页@d20cm
330    @a乳牛·梯病·防治
606 0  @a兽医学
690    @aS858.23@v4
701  0 @a刘云@Aliu yun
801  0 @aCN@b大连网信软件有限公司图书馆·11@c20161207
905    @aZUCC@dS858.23@e130
    
    现代规模化奶牛场肢蹄病防控学/刘云.-北京:中国农业出版社,2016.05
    178页;20cm
    
    
    ISBN 7-109-21700-0:CNY168.00
    乳牛·梯病·防治
●
相关链接 在E读中查询图书 在五车中查询图书 在当当中查询图书 在豆瓣中查询图书


正题名:现代规模化奶牛场肢蹄病防控学     索取号:S858.23/130         预约/预借

序号 登录号 条形码 馆藏地/架位号 状态 备注
1 912554   209125542   第二样本阅览室/ [索取号:S858.23/130] 在馆    
2 912555   209125551   密集书库-生命科学系/ [索取号:S858.23/130] 在馆    
3 912556   209125560   第三借阅区/ [索取号:S858.23/130] 在馆    
4 912557   209125579   第三借阅区/ [索取号:S858.23/130] 在馆    
唐山师范学院图书馆 欢迎您!
大连网信软件有限公司© 版权所有